书目信息 |
| 题名: |
文艺复兴时期的文学与文化
|
|
| 作者: | 霍普金斯 , 斯戴格尔 著 | |
| 分册: | ||
| 出版信息: | 上海 上海外语教育出版社 2009.03 |
|
| 页数: | 144页 | |
| 开本: | 21cm | |
| 丛书名: | 外教社原版文学入门丛书 | |
| 单 册: | ||
| 中图分类: | I109.31 | |
| 科图分类: | ||
| 主题词: | 文艺复兴--文学史--英文 , 文艺复兴--文化史--英文 | |
| 电子资源: | ||
| ISBN: | 978-7-5446-1234-0 | |
| 000 | 01115nam 2200289 450 | |
| 001 | 012010610660 | |
| 005 | 20100607140740.00 | |
| 010 | @a978-7-5446-1234-0@dCNY16.00 | |
| 100 | @a20100515d2009 em y0chiy0110 ea | |
| 101 | 0 | @aeng@gchi |
| 102 | @aCN@b310000 | |
| 105 | @ay z 001yy | |
| 200 | 1 | @a文艺复兴时期的文学与文化@Awen yi fu xing shi qi de wen xue yu wen hua@d= Renaissance literature and culture@fLisa Hopkins, Matthew Steggle著@FLisa Hopkins,Matthew Steggle zhu@zeng |
| 210 | @a上海@c上海外语教育出版社@d2009.03 | |
| 215 | @a144页@d21cm | |
| 225 | 2 | @a外教社原版文学入门丛书 |
| 320 | @a有索引 | |
| 330 | @a本书介绍了文艺复兴时期英国的政治、经济、宗教、科技、文学、文艺和社会背景,描述了此背景下主要文学体裁的发展和文学运动,以及同一时期文学批评的发展。 | |
| 410 | 0 | @12001 @a外教社原版文学入门丛书 |
| 500 | 10 | @aRenaissance literature and culture@mChi |
| 606 | 0 | @a文艺复兴@x文学史@j英文 |
| 606 | 0 | @a文艺复兴@x文化史@j英文 |
| 690 | @aI109.31@v4 | |
| 701 | 1 | @a霍普金斯@Ahuo pu jin si@4著 |
| 701 | 1 | @a斯戴格尔@Asi dai ge er@4著 |
| 801 | 0 | @aCN@c20100515 |
| 905 | @dI109.31@eH970@f3 | |
| 文艺复兴时期的文学与文化= Renaissance literature and culture/Lisa Hopkins, Matthew Steggle著.-上海:上海外语教育出版社,2009.03 |
| 144页;21cm.-(外教社原版文学入门丛书) |
| ISBN 978-7-5446-1234-0:CNY16.00 |
| 本书介绍了文艺复兴时期英国的政治、经济、宗教、科技、文学、文艺和社会背景,描述了此背景下主要文学体裁的发展和文学运动,以及同一时期文学批评的发展。 |
| ● |
| 相关链接 |
|
|
|
正题名:文艺复兴时期的文学与文化
索取号:I109.31/H970
 
预约/预借
| 序号 | 登录号 | 条形码 | 馆藏地/架位号 | 状态 | 备注 |